[Event "Dhaka Metropolis op U2100"]
[Site "Dhaka"]
[Date "2022.10.17"]
[Round "1"]
[White "Ahmed, Feroz"]
[Black "Tayabur, Rahman"]
[Result "1-0"]
[WhiteElo "2005"]
[BlackElo "1512"]
[PlyCount "33"]
[EventDate "2022.10.17"]
[EventType "swiss"]
[EventRounds "9"]
[EventCountry "BAN"]
[SourceTitle "EXT 2024"]
[Source "ChessBase"]
[SourceDate "2023.10.10"]
[SourceVersion "1"]
[SourceVersionDate "2023.10.10"]
[SourceQuality "1"]

1. c4 e5 2. Nf3 Nc6 3. d4 exd4 4. Nxd4 Nxd4 5. Qxd4 Qf6 6. Qd2 Qd6 7. Qc2 b6 8. Qe4+ Ne7 9. Qxa8 g6 10. Qf3 Bg7 11. Qd3 Qe6 12. Nc3 a6 13. Nd5 Nxd5 14. cxd5 Qd6 15. Qe4+ Kd8 16. Bg5+ f6 17. Bf4 1-0